| 000 | 00619nam a2200181Ia 4500 | ||
|---|---|---|---|
| 001 | 13944 | ||
| 003 | OSt | ||
| 005 | 20160308104859.0 | ||
| 008 | 140402s9999 xx 000 0 und d | ||
| 040 | _cPK-LaUMT | ||
| 082 |
_a 306 _bQUT-I |
||
| 100 | _aSyed Qutab Shaheed | ||
| 245 |
_a(اسلام اور مغرب کے تہزیبی مسائل)Islam aur maghrab ke tahzeebi masael _c(سید قطب شہید)Syed Qutab Shaheed |
||
| 260 |
_a(لاہور، پاکستان)Lahore,Pakistan: _b(مکتبہ تعمیرات انسانیت)Maktaba Tameraat Insaniyyat, _c1995 |
||
| 300 | _a208 p. | ||
| 546 | _aEN | ||
| 942 |
_cBK _2ddc |
||
| 999 |
_c14584 _d14584 |
||